| 000 | 00000nam 2200000za 4500 |
| 001 | 9.636329 |
| 003 | CaOODSP |
| 005 | 20210624220703 |
| 007 | cr ||||||||||| |
| 008 | 150407|2005||||xxc|||||o f|0| 0 fre d |
| 040 | |aCaOODSP|bfre |
| 043 | |an-cn--- |
| 086 | 1 |aA118-10/4-2005F-PDF |
| 110 | 1 |aCanada. |bAgriculture et agroalimentaire Canada. |bCentre de lutte antiparasitaire. |
| 245 | 10|aProfil de la culture du haricot sec au Canada / |h[ressource électronique]|cPréparé par Programme de réduction des risques liés aux pesticides. |
| 260 | |aOttawa - Ontario : |bAgriculture et Agroalimentaire Canada. |cFévrier 2005. |
| 590 | |a09-07-Supp|b2009-08-17 |
| 691 | 07|aCultures|2gcpds |
| 775 | 08|tCrop profile for dry bean in Canada / |w(CaOODSP)9.692072 |
| 794 | |tProfil de la culture du haricot sec au Canada, 2015 |w(CaOODSP)9.848298 |
| 856 | 40|ahttp://publications.gc.ca|qPDF|s477 Ko|uhttps://publications.gc.ca/collections/collection_2009/agr/A118-10-4-2005F.pdf |